000 00531nam a2200157 a 4500
008 160831s2002 ||||||||||||||||| || u
020 _a9780340960356
050 _aPR 6113.O94S5
100 _aMoyes, Jojo
245 1 0 _aSheltering rain
_cBy Jojo Moyes
260 _aLondon
_bHodder and Stoughton
_c2002
300 _a500 p.
350 _a9.18
650 _aENGLISH LANGUAGE
995 _aFICTION Collection
_e746872
_FCBU-SCHOOL OF MEDICINE LIBRARY (Ndola)
_I9.18
_jPR 6113.O94S5
_M1
_UAVAILABLE
_WSep 27, 2016
_y746872
_ZFiction Collection
999 _c32701
_d32701